| 000 | 01643cad a22002655a 4500 | ||
|---|---|---|---|
| 001 | L160082 | ||
| 008 | 120529s2010 xxk g 000 0 eng d | ||
| 035 | _a(Sirsi) u160082 | ||
| 041 | 0 | _aeng | |
| 110 | _aFederation International Des Geometres | ||
| 111 | 2 |
_aFIG Working Week 2010 _bSydney, Australia _c11-16 April 2010 |
|
| 245 | 0 | 0 |
_aTransforming land and property services _b-Northern Ireland learns from and builds on the Australian experience _h[electronic resource] |
| 260 |
_aSydney _bFIG _c2010 |
||
| 520 | _aLand & Property Services (LPS) came into existence as a merged organisation on 1 April 2008. The Agency is responsible for mapping, land registration, valuation and property tax collection for Northern Ireland. The amalgamation of organisations responsible for many of these activities has taken place in Australia and the Caribbean. The paper describes LPS' progress to date, particularly focussing on the rating system and processes and, through this, brings forward lessons which will be of use in other jurisdictions. | ||
| 650 | 2 | 4 | _aLAND REGISTRATION |
| 650 | 2 | 4 | _aPROPERTY TAX |
| 650 | 2 | 4 |
_aValuation _96273 |
| 651 | 4 | _aAustralia | |
| 651 | 4 | _aNorthern Ireland | |
| 690 | _aLAND | ||
| 700 | 1 | _aGreenway, Iain | |
| 856 | 4 | 0 |
_uhttps://www.rics.org/Global/Downloads/Transforming_Land_and_Property_Services_-_Northern_Ireland_Learns_from_and_Builds_on_the_Australian_Experience.pdf _zView the paper free of charge at www.rics.org |
| 856 | 4 | 0 |
_uhttps://fig.net/resources/proceedings/fig_proceedings/fig2010/ppt/ts08b/ts08b_greenway_ppt_3949.pdf _zView the presentation free of charge at www.fig.net |
| 942 | _n0 | ||
| 999 |
_c116199 _d116199 |
||